000 00527nam a2200193 c 4500
001 000015607
003 DO-SdBNP
005 20230626151019.0
008 100215s1992 xxca 001 0 spa d
020 _z198008798X
040 _aDO-SdBNP
_bspa
_cBNPHU
_erda
049 _aBNPD
082 _axxx
_bJ82L
100 1 _aJorge, Morel Eucilda
_932754
245 1 3 _aLa mansión del león /
_cEucilda Jorge Morel.
264 _aMontreal :
_bCEDAH,
_c1992.
300 _a82 páginnas ;
_bilustraciones ;
_c22 cm.
942 _2ddc
_cLBS1
999 _c15162
_d15162